| 000 | 00363nam a22001337a 4500 | ||
|---|---|---|---|
| 003 | 1 | ||
| 005 | 20241112143134.0 | ||
| 008 | 241112b xxu||||| |||| 00| 0 eng d | ||
| 100 | _aMcDonald, Megan | ||
| 245 |
_aJudy Moody and the not bummer summer _cMegan MscDonald/ |
||
| 260 |
_aNew York: _bScholastic, Inc. _c2011 |
||
| 300 |
_a190 p.; _c190 cm. |
||
| 942 |
_2ddc _cBK |
||
| 999 |
_c366690 _d366690 |
||